| 000 | 01179 a2200301 4500 | ||
|---|---|---|---|
| 003 | Nust | ||
| 005 | 20220722114247.0 | ||
| 010 | _a 96133471 | ||
| 020 | _a1565920309 | ||
| 035 | _a(OCoLC)33355618 | ||
| 040 | _cNust | ||
| 082 | 0 | 0 | _a004,STI |
| 100 | 1 |
_aStigliani, Joan. _994543 |
|
| 245 | 1 | 4 |
_aThe computer user's survival guide / _cJoan Stigliani. |
| 250 | _a1st ed. | ||
| 260 |
_aSebastopol, CA : _bO'Reilly & Associates, _cc1995. |
||
| 300 |
_a276 p. : _bill. ; _c24 cm. |
||
| 505 | _aPreface (Page-xi), The Basics (Page-1), Repetitive Strain Injury (Page-61), Eyestrain (Page-125), Stress (Page-181), The Potential Risks of Electromagnetic Fields (Page-205), Appendixes (Page-237). | ||
| 650 | 0 |
_aComputer Terminals. _994544 |
|
| 650 | 0 |
_aComputers _xHealth aspects. _994545 |
|
| 650 | 0 |
_aHuman Engineering. _92301 |
|
| 650 | 0 |
_aOccupational Diseases _xprevention & control. _994546 |
|
| 650 | 0 |
_aOccupational Health. _994547 |
|
| 650 | 0 |
_aVideo display terminals _xHealth aspects. _994548 |
|
| 650 | 0 |
_aWorkplace _xstandards. _994549 |
|
| 856 | 4 | 2 |
_3Publisher description _uhttp://www.loc.gov/catdir/enhancements/fy0915/96133471-d.html |
| 942 |
_2ddc _cBK _k004,STI |
||
| 999 |
_c176578 _d176578 |
||